Every Football Clubs in the World #3 - Statistics

General Stats
  • This quiz has been taken 7 times
  • The average score is 69 of 118
Answer Stats
Hint Answer % Correct
Serie A ACF Fiorentina
100%
Serie A AC Milan
100%
Serie A AS Roma
100%
Serie A Atalanta BC
100%
Serie A Cagliari Calcio
100%
Serie A Como 1907
100%
Serie B FC Empoli
100%
Serie A Inter Milan
100%
Serie A Juventus FC
100%
Serie A Parma Calcio 1913
100%
Serie A Pisa Sporting Club
100%
Serie A SSC Napoli
100%
Serie A SS Lazio
100%
Serie A Torino FC
100%
Serie B UC Sampdoria
100%
Serie A US Sassuolo
100%
Ligue 1 AS Monaco
83%
Ligue 2 AS Saint-Étienne
83%
LaLiga Atlético de Madrid
83%
Serie A Genoa CFC
83%
Ligue 1 LOSC Lille
83%
Ligue 1 OGC Nice
83%
Ligue 1 Olympique Lyon
83%
Ligue 1 Olympique Marseille
83%
Serie B Palermo FC
83%
Ligue 1 Paris FC
83%
Ligue 1 Paris Saint-Germain
83%
Ligue 1 RC Lens
83%
LaLiga Real Madrid
83%
LaLiga Real Sociedad
83%
Serie B SSC Bari
83%
Ligue 1 Stade Brestois 29
83%
Serie B Venezia FC
83%
Ligue 1 AJ Auxerre
67%
Serie A Bologna FC 1909
67%
LaLiga CA Osasuna
67%
LaLiga 2 CD Leganés
67%
Ligue 2 Clermont Foot 63
67%
LaLiga FC Barcelona
67%
Ligue 1 FC Lorient
67%
Ligue 1 FC Metz
67%
Ligue 1 FC Nantes
67%
Ligue 1 FC Toulouse
67%
Serie B Frosinone Calcio
67%
LaLiga Girona FC
67%
Serie A Hellas Verona
67%
LaLiga 2 Málaga CF
67%
Ligue 2 Montpellier HSC
67%
Ligue 1 RC Strasbourg Alsace
67%
LaLiga Real Betis Balompié
67%
LaLiga Sevilla FC
67%
Serie B Spezia Calcio
67%
Ligue 1 Stade Rennais FC
67%
Serie A Udinese Calcio
67%
Serie A US Cremonese
67%
Serie A US Lecce
67%
LaLiga Valencia CF
67%
LaLiga Villarreal CF
67%
Serie B AC Monza
50%
Ligue 1 Angers SCO
50%
LaLiga Athletic Bilbao
50%
LaLiga Celta de Vigo
50%
LaLiga 2 Córdoba CF
50%
LaLiga 2 Deportivo de La Coruña
50%
Ligue 2 EA Guingamp
50%
Ligue 2 ESTAC Troyes
50%
LaLiga 2 FC Andorra
50%
LaLiga Getafe CF
50%
LaLiga 2 Granada CF
50%
Ligue 2 Grenoble Foot 38
50%
Ligue 1 Le Havre AC
50%
Ligue 2 Le Mans FC
50%
LaLiga Levante UD
50%
Serie B Mantova 1911
50%
Ligue 2 Pau FC
50%
LaLiga 2 Racing Santander
50%
LaLiga Rayo Vallecano
50%
LaLiga RCD Espanyol
50%
LaLiga RCD Mallorca
50%
LaLiga Real Oviedo
50%
LaLiga 2 Real Valladolid CF
50%
LaLiga 2 Real Zaragoza
50%
LaLiga 2 SD Eibar
50%
LaLiga 2 SD Huesca
50%
LaLiga 2 Sporting Gijón
50%
Ligue 2 Stade Reims
50%
LaLiga 2 UD Almería
50%
LaLiga 2 UD Las Palmas
50%
Serie B AC Reggiana 1919
33%
LaLiga 2 Albacete Balompié
33%
Ligue 2 Amiens SC
33%
Ligue 2 AS Nancy-Lorraine
33%
LaLiga 2 Burgos CF
33%
LaLiga 2 Cádiz CF
33%
Serie B Calcio Padova
33%
LaLiga 2 CD Mirandés
33%
Serie B Cesena FC
33%
Serie B Delfino Pescara 1936
33%
LaLiga Deportivo Alavés
33%
LaLiga Elche CF
33%
Serie B Modena FC
33%
Ligue 2 Red Star FC
33%
Ligue 2 Rodez AF
33%
Ligue 2 SC Bastia
33%
Serie B US Catanzaro
33%
Serie B Virtus Entella
33%
LaLiga 2 CD Castellón
17%
Ligue 2 FC Annecy
17%
Serie B SS Juve Stabia
17%
Ligue 2 Stade Lavallois
17%
Ligue 2 US Boulogne
17%
Ligue 2 USL Dunkerque
17%
LaLiga 2 AD Ceuta FC
0%
Serie B Carrarese Calcio 1908
0%
LaLiga 2 Cultural Leonesa
0%
Serie B FC Südtirol
0%
LaLiga 2 Real Sociedad B
0%
Serie B US Avellino 1912
0%
No matching quizzes found
Score Distribution
Percent of People with Each Score
Percentile by Number Answered
Your Score History
You have not taken this quiz